| 000 | 00314nam a22001097a 4500 | ||
|---|---|---|---|
| 008 | 180214b xxu||||| |||| 00| 0 eng d | ||
| 245 | _aPhl, Russia agri trade deal set for next year. | ||
| 260 |
_aPhilippines: _bThe Philippine Star: _cc2017. |
||
| 300 | _apage 12. | ||
| 650 | 0 |
_926466 _aAgriculture. |
|
| 942 |
_2ddc _cPER |
||
| 999 |
_c8626 _d8626 |
||